Exclusive visions of an inclusive city: the mediation of multicultural urban space in Riobamba, Ecuador /
Spremljeno u:
| Glavni autor: | |
|---|---|
| Format: | Tekst |
| Oznake: |
Dodaj oznaku
Bez oznaka, Budi prvi tko označuje ovaj zapis!
|
MARC
| LEADER | 00000 a a2200000 04500 | ||
|---|---|---|---|
| 001 | 46945 | ||
| 003 | |||
| 040 | |||
| 100 | |a Klaufus, Christien | ||
| 245 | |a Exclusive visions of an inclusive city: |b the mediation of multicultural urban space in Riobamba, Ecuador / |c Christien Klaufus | ||
| 773 | |g número25, (2012), páginas 24-42 | ||
| 999 | |c 20769 |d 20769 | ||
